Karty, karty, karty...

Jednotlivé typy kariet a ich charakteristické vlastnosti. Technológia výroby. Pri platobných kartách rozoznávame averz a reverz. Typy: karta s vizuálnym spôsobom záznamu informácie, karta s magnetickým nosičom informácie, optická (laserová) karta, holografická karta, vysokofrekvenčná karta, čipová k...

Ausführliche Beschreibung

Gespeichert in:
Bibliographische Detailangaben
1. Verfasser: Sasinek, M.
Format: Buchkapitel
Sprache:Slowakisch
Schlagworte:
Tags: Tag hinzufügen
Keine Tags, Fügen Sie das erste Tag hinzu!

MARC

LEADER 00000naa a2200000 4500
001 r015133
005 20221205085849.8
041 0 |a slo 
044 |a SK 
245 1 0 |a Karty, karty, karty...  |c M. Sasinek 
520 |a Jednotlivé typy kariet a ich charakteristické vlastnosti. Technológia výroby. Pri platobných kartách rozoznávame averz a reverz. Typy: karta s vizuálnym spôsobom záznamu informácie, karta s magnetickým nosičom informácie, optická (laserová) karta, holografická karta, vysokofrekvenčná karta, čipová karta. 
610 2 0 |a styk platobný bezhotovostný 
610 2 0 |a karty platobné 
610 2 0 |a technológia výroby 
100 1 |a Sasinek, M.